La impugnacin̤ del modelo 720 (tras el dictamen de la comisin̤ Europea) /

Bibliographic Details
Main Author: Alonso Gonzl̀ez, Luis Manuel
Format: eBook
Language:Spanish
Published: Madrid: Marcial Pons, 2019
Subjects:
Online Access:Acceso restringido

MARC

LEADER 00000nam a22000007a 4500
005 20210924233220.0
007 cr|||| ||||
008 210924s2019 es |||||s|||| 00||0 spa d
020 |a 978-84-1381-172-7 
035 |a 33677 
040 |a vLex 
090 |c 12421  |d 12421 
100 1 |a Alonso Gonzl̀ez, Luis Manuel 
245 1 2 |a La impugnacin̤ del modelo 720  |h [Recurso electrn̤ico] :  |b (tras el dictamen de la comisin̤ Europea) /  |c Luis Manuel Alonso Gonzl̀ez 
256 |a Servicio en ln̕ea 
260 |a Madrid:  |b Marcial Pons,  |c 2019 
300 |a 1 recurso electrn̤ico 
500 |a Como es sabido, la amnista̕ fiscal se vio complementada con la obligacin̤ de informar a Hacienda sobre los bienes y derechos que se poseen en el extranjero. Esta obligacin̤ de informacin̤ se materializa con la cumplimentacin̤ del modelo 720. Las consecuencias previstas para quien incumpla esta obligacin̤ son extraordinariamente duras. Se enmarcan en la guerra contra el fraude fiscal, pero se concretan, particularmente, en un rǧimen sancionador muy severo y en la introduccin̤ de un supuesto nuevo de ganancia patrimonial no justificada en IRPF e IS aparentemente inmune a la prescripcin̤. La sospecha de que tales medidas no se ajustan al ordenamiento jurd̕ico encuentra respaldo en el Dictamen motivado emitido sobre este conjunto normativo por la Comisin̤ Europea, antesala, muy probablemente, de un procedimiento de infraccin̤ que apunta a una dura condena al Reino de Espaą por contravenir diversas libertades y principios comunitarios. Esta obra desmenuza y detalla los diversos argumentos que cabe oponer a la aplicacin̤ de esas normas, ya sea en fase de comprobacin̤, ya sea en el plano de las impugnaciones. Analiza, asimismo, las opciones con las que cuentan los afectados para poder defender sus intereses, incluso mediante la exigencia de responsabilidad patrimonial al Estado. En suma, se trata de la primera monografa̕ de estas caracters̕ticas y se convierte, as,̕ en un instrumento prc̀tico esencial para quienes se mueven en el foco de estas normas o tienen que aplicarlas como profesionales de la fiscalidad. 
506 1 |a Disponible solo en los productos indicados  |d vLex Global  |d vLex Global (Academic Edition, excluding Law Schools)  |d vLex Global (U.S. Academic Edition, Law Schools)  |d vLex Global (U.S. Academic Edition, excluding Law Schools)  |d vLex Global (Academic Edition, Law Schools) 
650 0 4 |a Derecho Tributario  |z Espaą 
650 0 4 |a Financiero  |z Espaą 
740 0 |a vLex Libros (Servicio en ln̕ea) 
856 4 0 |u https://app.vlex.com/#/sources/33677  |z Acceso restringido 
942 |c BOOK 
999 0 |a Tax Law 
999 0 |a Financial